<?xml version="1.0" encoding="UTF-8"?>
<marc:record xmlns:marc="http://www.loc.gov/MARC21/slim">
   <marc:leader>00000nam a2200000 a 4500</marc:leader>
   <marc:datafield ind1="1" ind2=" " tag="100">
      <marc:subfield code="a">Halls, Stacey</marc:subfield>
      <marc:subfield code="4">aut</marc:subfield>
      <marc:subfield code="e">Verfasser/-in</marc:subfield>
   </marc:datafield>
   <marc:datafield ind1=" " ind2=" " tag="653">
      <marc:subfield code="a">Frauenschicksal</marc:subfield>
   </marc:datafield>
   <marc:datafield ind1=" " ind2=" " tag="653">
      <marc:subfield code="a">Frauen</marc:subfield>
   </marc:datafield>
   <marc:datafield ind1=" " ind2=" " tag="653">
      <marc:subfield code="a">Geschichte 1600-1699</marc:subfield>
   </marc:datafield>
   <marc:datafield ind1=" " ind2=" " tag="653">
      <marc:subfield code="a">Nachwuchs</marc:subfield>
   </marc:datafield>
   <marc:datafield ind1=" " ind2=" " tag="653">
      <marc:subfield code="a">historischer Roman</marc:subfield>
   </marc:datafield>
   <marc:datafield ind1="0" ind2="0" tag="245">
      <marc:subfield code="a">Die Vertraute</marc:subfield>
   </marc:datafield>
   <marc:datafield ind1="0" ind2="0" tag="245">
      <marc:subfield code="b">historischer Roman über zwei Frauenschicksale im Mittelalter</marc:subfield>
   </marc:datafield>
   <marc:datafield ind1=" " ind2="1" tag="264">
      <marc:subfield code="b">Piper</marc:subfield>
      <marc:subfield code="c">2022</marc:subfield>
   </marc:datafield>
   <marc:datafield ind1="1" ind2=" " tag="520">
      <marc:subfield code="a">Klappentext: England im 17. Jahrhundert. Obwohl erst siebzehn Jahre alt, hat Fleetwood Shuttleworth bereits drei Töchter zur Welt gebracht. Doch ihr Gatte Richard, Herr über Gawthorpe Hall, erwartet einen männlichen Erben. Um nicht in Ungnade zu fallen, muss Fleetwood ihm diesen Wunsch erfüllen. Doch die nächste Geburt könnte für die junge Frau tödlich verlaufen. Nur die Hebamme Alice Gray hilft ihr. Aber gegen Alice werden ungeheuerliche Anschuldigungen erhoben. Angesichts dieser erdrückenden Zwänge suchen die beiden Frauen Halt aneinander ... und drohen doch zu zerbrechen.  Über den Autor und weitere Mitwirkende Stacey Halls, geboren 1989, wuchs in Rossendale, Lancashire auf. Neben einem Studium in Journalismus schrieb Halls u.a. für den Guardian, Psychologies und The Independent. Ihr erster Roman war in England das meistverkaufte Debüt 2019 und gewann den Betty Trask Award. Schon jetzt wird Stacey Halls als neue Stimme des authentischen historischen Romans gefeiert. »Die Verlorenen« ist ihr zweiter Roman.</marc:subfield>
   </marc:datafield>
   <marc:datafield ind1=" " ind2=" " tag="020">
      <marc:subfield code="a">9783492071574</marc:subfield>
      <marc:subfield code="9">9783492071574</marc:subfield>
   </marc:datafield>
</marc:record>
